000 00918nam a2200217 a 4500
001 46762
003 BD-RjUL
005 20211209054212.0
008 160804s1951 pk ||||| |||| 001 0 eng d
035 _a(BD-RjUL)46881
040 _aBD-RjUL
_beng
_cBD-RjUL
041 _aeng
082 _223
_a347.0510954
_bANP 1951
100 _aAnand, R. L.
_9136542
245 _aThe Provincial small cause courts act (IX of 1887) as amended up-to-date :
_bbeing a classical commentary of the provisions, as amended from time to time, of the act relating to the constitution and jurisdiction of the small cause courts on the revisional jurisdiction of the High Court, with an illuminating and exhaustive discussion of the up-to-date case law /
_cR L Anand
260 _aAllahabad :
_bLaw Book Co.,
_c1951
300 _axx, 226 p. ;
_c26 cm.
500 _aInclude index
650 _aCourts rules
_zIndia
_9142495
942 _2ddc
_cBK
999 _c46762
_d46762